000 01015cam a22003014a 4500
001 103863
005 20230410115613.0
008 091203s2010 nyua 001 0 eng
035 _a16006627
925 0 _aAcquire
_b2 shelf copies
_xpolicy default
942 _2lcc
_cbk
010 _a 2009047113
020 _a9780446563048
040 _aDLC
_cDLC
_dDLC
050 1 4 _aHF 5386
_bH873d 2010
082 0 0 _a658.4/09
100 1 _aHsieh, Tony.
245 1 0 _aDelivering happiness :
_ba path to profits, passion, and purpose /
_cTony Hsieh.
250 _a1st ed.
260 _aNew York :
_bBusiness Plus,
_c2010.
300 _axiii, 253 p. :
_bill. ;
_c24 cm.
500 _aIncludes index.
505 0 _aIn search of profits -- You win some, you lose some -- Diversify -- Concentrate your position -- Platform for growth: brand, culture, pipeline -- Taking it to the next level -- End game.
650 0 _aSuccess in business.
650 4 _aExito en los negocios.
650 0 _aLeadership.
946 _aINF
999 _c44463
_d44463